MUSEO DOLORES OLMEDO PATIÑO (Registro nro. 68512)
[ vista simple ]
| 000 -CABECERA | |
|---|---|
| campo de control de longitud fija | 00682nam a22002177a 4500 |
| 005 - FECHA Y HORA DE LA ÚLTIMA TRANSACCIÓN | |
| campo de control | 20260205224632.0 |
| 008 - DATOS DE LONGITUD FIJA--INFORMACIÓN GENERAL | |
| campo de control de longitud fija | 260205s mx a|||| |||| 001 0 spa d |
| 020 ## - NÚMERO INTERNACIONAL ESTÁNDAR DEL LIBRO | |
| Número Internacional Estándar del Libro | 968-7516-01-1 |
| 040 ## - FUENTE DE LA CATALOGACIÓN | |
| Centro catalogador/agencia de origen | ISBN |
| Lengua de catalogación | spa |
| 041 ## - CÓDIGO DE LENGUA | |
| Código de lengua del texto/banda sonora o título independiente | spa |
| Código de lengua original | spa |
| 082 04 - NÚMERO DE LA CLASIFICACIÓN DECIMAL DEWEY | |
| Número de clasificación | 1994 , |
| Número de documento/Ítem | 759.972 / |
| Número de edición | F74 |
| 100 ## - ENTRADA PRINCIPAL--NOMBRE DE PERSONA | |
| Nombre de persona | MUSEO DOLORES OLMEDO PATIÑO |
| 245 ## - MENCIÓN DE TÍTULO | |
| Título | MUSEO DOLORES OLMEDO PATIÑO |
| 260 ## - PUBLICACIÓN, DISTRIBUCIÓN, ETC. | |
| Lugar de publicación, distribución, etc. | MÉXICO : |
| Nombre del editor, distribuidor, etc. | BANCO NACIONAL DEL COMERCIO ESTERIOR , |
| Fecha de publicación, distribución, etc. | 1994. |
| 300 ## - DESCRIPCIÓN FÍSICA | |
| Extensión | 175 páginas |
| Dimensiones | 30.5 x 23 cm |
| 336 ## - TIPO DE CONTENIDO | |
| Fuente | rdacontent |
| Término de tipo de contenido | texto |
| Código de tipo de contenido | txt |
| 337 ## - TIPO DE MEDIO | |
| Fuente | rdamedia |
| Nombre/término del tipo de medio | sin mediación |
| Código del tipo de medio | n |
| 338 ## - TIPO DE SOPORTE | |
| Fuente | rdacarrier |
| Nombre/término del tipo de soporte | volumen |
| Código del tipo de soporte | nc |
| 700 ## - PUNTO DE ACCESO ADICIONAL--NOMBRE DE PERSONA | |
| Nombre de persona | ESPINDOLA, VICTOR MANUEL |
| Numeración | COORDINACION EDITORIAL |
| 942 ## - ELEMENTOS DE PUNTO DE ACCESO ADICIONAL (KOHA) | |
| Fuente del sistema de clasificación o colocación | Dewey Decimal Classification |
| Tipo de ítem Koha | General jóvenes y Adultos |
| Estado de retiro | Estado de pérdida | Fuente del sistema de clasificación o colocación | Estado dañado | No para préstamo | Localización permanente | Ubicación/localización actual | Ubicación en estantería | Fecha de adquisición | Fuente de adquisición | Total de préstamos | Signatura topográfica completa | Fecha visto por última vez | Precio válido a partir de | Tipo de ítem Koha |
|---|---|---|---|---|---|---|---|---|---|---|---|---|---|---|
| Dewey Decimal Classification | BIBLIOTECA PÚBLICA CENTRAL ESTATAL “FRANCISCO CERVANTES” | BIBLIOTECA PÚBLICA CENTRAL ESTATAL “FRANCISCO CERVANTES” | ACCESO ¨B¨PLANTA BAJA | 08/16/2022 | DONADO | 1994 , 759.972 / F74 | 02/05/2026 | 08/16/2022 | General jóvenes y Adultos |